000 00483nam a2200169Ia 4500
003 Ost
005 20260507075016.0
008 260507s9999||||xx |||||||||||||| ||und||
040 _cfsecg
041 _aara
082 _a330
100 _aصقر، عمر
_eمؤلف
245 0 _aالعولمة وقضايا اقتصادية معاصرة /
_c عمر صقر
260 _aالاسكندرية:
_bالدار الجامعية,
_c2003
300 _a227 صفحة؛
942 _cكتاب
999 _c42207
_d42207